[Event "4NCL Division 3 North"]
[Site "Wakefield, ENG"]
[Date "2017.03.18"]
[Round "7.11"]
[White "Adan Bermudez, Sergio"]
[Black "Macklin, Paul"]
[Result "0-1"]
[WhiteElo "2352"]
[BlackElo "2372"]
[Annotator "Barnes,Lara"]
[PlyCount "94"]
[EventDate "2017.03.18"]
[WhiteTeam "Hounds and Bears"]
[BlackTeam "Manchester Manticores 1"]

1. Nf3 d6 2. d4 Bg4 3. e4 Nc6 4. d5 Nb8 5. h3 Bxf3 6. Qxf3 g6 7. Qb3 Qc8 8.
Bb5+ c6 9. Bc4 c5 10. f4 Bg7 11. Nd2 a6 12. a4 Nd7 13. e5 Nh6 14. e6 fxe6 15.
dxe6 Nf6 16. g4 Qc6 17. O-O d5 18. Be2 Qxe6 {(=)} 19. Bf3 c4 20. Qxb7 O-O 21.
g5 Rab8 22. Qc7 Qxh3 23. gxf6 Qg3+ 24. Bg2 Bxf6 25. Nf3 Nf5 26. Qd7 Rfd8 27.
Qe6+ Kg7 28. Qe1 Qxe1 29. Rxe1 d4 30. Ng5 Rd6 31. Ne4 Re6 32. Rd1 Bh4 33. b3 c3
34. Rd3 Bf6 35. Kf2 Bh4+ 36. Kf1 Rf8 37. Bf3 g5 38. fxg5 Ne3+ 39. Rxe3 dxe3 40.
Ke2 Rxf3 41. Kxf3 e2 42. Kxe2 Rxe4+ 43. Kd3 Re1 44. b4 Bxg5 45. b5 axb5 46. a5
Bxc1 47. a6 e5 0-1

[Event "4NCL Division 3 North"]
[Site "Wakefield, ENG"]
[Date "2017.03.18"]
[Round "7.12"]
[White "Polaczek, Richard"]
[Black "Sanghera, Parminder"]
[Result "1/2-1/2"]
[WhiteElo "2412"]
[BlackElo "2260"]
[PlyCount "70"]
[EventDate "2017.03.18"]
[WhiteTeam "Manchester Manticores 1"]
[BlackTeam "Hounds and Bears"]

1. d4 d5 2. Nf3 e6 3. c4 Nf6 4. Nc3 Bb4 5. e3 O-O 6. Bd3 c5 7. O-O Nc6 8. cxd5
exd5 9. a3 Bxc3 10. bxc3 c4 11. Bb1 Re8 12. Nd2 b5 13. Re1 Ne4 14. Nxe4 dxe4
15. a4 Qh4 16. Rf1 Bg4 17. f3 exf3 18. gxf3 Bh3 19. Rf2 Rad8 20. axb5 Ne5 21.
Rxa7 g5 22. Bd2 g4 23. fxg4 Bxg4 24. Qf1 Bh3 25. Qe1 Kh8 26. dxe5 Rg8+ 27. Kh1
Qg4 28. Bf5 Bg2+ 29. Kg1 Qh5 30. Rxg2 Rxg2+ 31. Kxg2 Rg8+ 32. Qg3 Qe2+ 33. Kh3
Qh5+ 34. Kg2 Qe2+ 35. Kh3 Qh5+ 1/2-1/2

[Event "4NCL Division 3 North"]
[Site "Wakefield, ENG"]
[Date "2017.03.18"]
[Round "7.13"]
[White "McCumiskey, Andrew P"]
[Black "Jaunooby, Ali R"]
[Result "1-0"]
[WhiteElo "1981"]
[BlackElo "2260"]
[PlyCount "135"]
[EventDate "2017.03.18"]
[WhiteTeam "Hounds and Bears"]
[BlackTeam "Manchester Manticores 1"]

1. e4 c6 2. d4 d5 3. Nc3 dxe4 4. Nxe4 Bf5 5. Ng3 Bg6 6. Nf3 Nd7 7. h4 h6 8. h5
Bh7 9. Bd3 Bxd3 10. Qxd3 Ngf6 11. Bd2 e6 12. c4 Qc7 13. Bc3 O-O-O 14. O-O-O Bd6
15. Ne4 Be7 16. Kb1 Ng4 17. Qe2 Rhe8 18. d5 exd5 19. cxd5 Bc5 20. Nd4 f5 21.
Ne6 Qb6 22. N6xc5 Qxc5 23. Qxg4 Rxe4 24. Qxf5 Re2 25. Qd3 Qxf2 26. dxc6 bxc6
27. Qa6+ Kb8 28. Bd4 Qf5+ 29. Ka1 Qb5 30. Qxa7+ Kc8 31. Bc3 Rxg2 32. Rd6 Nb8
33. Rxd8+ Kxd8 34. Ba5+ Ke8 35. Re1+ Re2 36. Rxe2+ Qxe2 37. Qxb8+ Kf7 38. Qb3+
Kf6 39. Qc3+ Kf7 40. Qb3+ Kf6 41. Bc3+ Kg5 42. a4 Kxh5 43. Bxg7 Kg6 44. Bc3 h5
45. Qg8+ Kf5 46. Qf7+ Kg4 47. Qd7+ Kg3 48. Qxc6 h4 49. Qg6+ Kh2 50. Qd6+ Kg1
51. Qd4+ Kg2 52. Qxh4 Qd1+ 53. Ka2 Qd5+ 54. Ka3 Qc5+ 55. Qb4 Qc6 56. a5 Qe6 57.
b3 Kf3 58. Qc4 Qd6+ 59. Bb4 Qd1 60. Qc3+ Kg4 61. a6 Qd7 62. Bc5 Kh5 63. a7 Qc8
64. Qf3+ Kg6 65. Qe4+ Kh6 66. Be3+ Kh5 67. Qd5+ Kg6 68. a8=Q 1-0

[Event "4NCL Division 3 North"]
[Site "Wakefield, ENG"]
[Date "2017.03.18"]
[Round "7.14"]
[White "Jayawarna, Nugith"]
[Black "Staples, Maurice J"]
[Result "1/2-1/2"]
[WhiteElo "2155"]
[BlackElo "2035"]
[Annotator "Barnes,Lara"]
[PlyCount "46"]
[EventDate "2017.03.18"]
[WhiteTeam "Manchester Manticores 1"]
[BlackTeam "Hounds and Bears"]

1. Nf3 Nc6 2. g3 e5 3. d3 g6 4. c4 Bg7 5. Nc3 Nge7 6. Bg2 d6 7. O-O O-O 8. Rb1
a5 9. a3 Nd4 10. e3 Nxf3+ 11. Bxf3 c6 12. b4 axb4 13. axb4 Bh3 14. Bg2 Bxg2 15.
Kxg2 f5 16. Qc2 Qd7 17. c5 f4 18. exf4 exf4 19. Bxf4 Rxf4 20. gxf4 Qg4+ 21. Kh1
Qf3+ 22. Kg1 Bxc3 23. Qxc3 Qg4+ 1/2-1/2

[Event "4NCL Division 3 North"]
[Site "Wakefield, ENG"]
[Date "2017.03.18"]
[Round "7.15"]
[White "Hazlehurst, Cory S"]
[Black "Mazek, Marek"]
[Result "1/2-1/2"]
[WhiteElo "2042"]
[BlackElo "2110"]
[PlyCount "61"]
[EventDate "2017.03.18"]
[WhiteTeam "Hounds and Bears"]
[BlackTeam "Manchester Manticores 1"]

1. d4 Nf6 2. c4 e6 3. Nc3 Bb4 4. e3 c5 5. Nge2 b6 6. a3 Ba5 7. Rb1 Na6 8. Nf4
O-O 9. Bd3 d6 10. O-O Bxc3 11. bxc3 Nc7 12. Nh5 Bb7 13. e4 Nxh5 14. Qxh5 e5 15.
d5 Qe7 16. Bg5 f6 17. Be3 Ba6 18. f4 Rab8 19. a4 Qe8 20. Qxe8 Rbxe8 21. f5 Rb8
22. Rb2 Rb7 23. Rfb1 Rfb8 24. Kf1 Kf7 25. g4 g6 26. Rf2 g5 27. h4 h6 28. Rh2
Kg7 29. Ke2 Rh8 30. Rbh1 Rbb8 31. Kd2 1/2-1/2

[Event "4NCL Division 3 North"]
[Site "Wakefield, ENG"]
[Date "2017.03.18"]
[Round "7.16"]
[White "Peacock, Malcolm R"]
[Black "Carpenter, Raymond"]
[Result "1-0"]
[WhiteElo "2125"]
[BlackElo "1975"]
[PlyCount "93"]
[EventDate "2017.03.18"]
[WhiteTeam "Manchester Manticores 1"]
[BlackTeam "Hounds and Bears"]

1. c4 e5 2. g3 Nc6 3. Bg2 g6 4. Nc3 Bg7 5. e4 Nge7 6. Nge2 d6 7. d3 Be6 8. Nd5
O-O 9. O-O Qd7 10. f3 f5 11. Be3 fxe4 12. dxe4 Nd8 13. Qd2 Nf7 14. Rad1 c6 15.
Nxe7+ Qxe7 16. b3 b5 17. cxb5 d5 18. exd5 cxd5 19. Qa5 Bh6 20. f4 Bg4 21. Rde1
Bxe2 22. Rxe2 exf4 23. gxf4 d4 24. Bxa8 Rxa8 25. b6 dxe3 26. b7 Qxb7 27. Rxe3
Bg7 28. Rd3 Re8 29. f5 Re2 30. Rf2 Qe4 31. Rxe2 Qxe2 32. Qd5 Bh6 33. Qf3 Qxf3
34. Rxf3 g5 35. Rc3 g4 36. Kg2 Nd6 37. Rd3 Nxf5 38. Rd8+ Kg7 39. Rd7+ Kg6 40.
Rxa7 Be3 41. Rd7 h5 42. a4 Nh4+ 43. Kh1 Nf3 44. a5 Ne5 45. Rc7 h4 46. a6 h3 47.
a7 1-0

[Event "4NCL Division 3 North"]
[Site "Wakefield, ENG"]
[Date "2017.03.18"]
[Round "7.21"]
[White "Adams, Philip"]
[Black "Antoniewski, Rafal"]
[Result "1/2-1/2"]
[WhiteElo "2057"]
[BlackElo "2532"]
[Annotator "Barnes,Lara"]
[PlyCount "99"]
[EventDate "2017.03.18"]
[WhiteTeam "3Cs 2"]
[BlackTeam "Manx Liberty"]

1. e4 c5 2. Nf3 d6 3. Bb5+ Nd7 4. c3 Ngf6 5. Bd3 e6 6. Bc2 b6 7. O-O Bb7 8. Re1
Be7 9. d4 Rc8 10. Nbd2 b5 11. a4 b4 12. a5 cxd4 13. cxd4 Ba6 14. Nf1 Qc7 15.
Ne3 O-O 16. h3 Rfe8 17. Bb1 Qb8 18. Bd2 Bb7 19. Nf1 d5 20. e5 Ne4 21. Be3 f6
22. exf6 gxf6 23. Bh6 f5 24. Bd3 Qd6 25. a6 Bc6 26. g3 Qb8 27. Bf4 Bd6 28. Bxd6
Qxd6 29. Rc1 Kh8 30. Qe2 Rg8 31. Kh1 Rc7 32. Qe3 Rg7 33. Re2 Nb6 34. b3 Be8 35.
Rxc7 Rxc7 36. Ne5 Qf8 37. Qf4 Qg7 38. Rc2 Rxc2 39. Bxc2 Bb5 40. Bd3 Bxd3 41.
Nxd3 Qxd4 42. Qb8+ Kg7 43. Qxa7+ Kf6 44. Kg2 Ng5 45. Nd2 Qxd3 46. Qxb6 Qxd2 47.
a7 Qd3 48. a8=Q Qe4+ 49. Kf1 Qd3+ 50. Kg2 1/2-1/2

[Event "4NCL Division 3 North"]
[Site "Wakefield, ENG"]
[Date "2017.03.18"]
[Round "7.22"]
[White "Jaracz, Pawel"]
[Black "Burton, Graham P"]
[Result "1-0"]
[WhiteElo "2470"]
[BlackElo "2005"]
[PlyCount "55"]
[EventDate "2017.03.18"]
[WhiteTeam "Manx Liberty"]
[BlackTeam "3Cs 2"]

1. e4 c5 2. Nf3 e6 3. d4 cxd4 4. Nxd4 Nc6 5. Nc3 Qc7 6. Be2 a6 7. O-O b5 8.
Nxc6 dxc6 9. a4 Rb8 10. Bd3 Bb7 11. Qe2 Be7 12. e5 Rd8 13. Bf4 Rd4 14. Ne4 g5
15. Nd6+ Kf8 16. Be3 Rd5 17. Nxb7 Qxb7 18. axb5 axb5 19. f4 gxf4 20. Bxf4 Bc5+
21. Kh1 h5 22. Be4 Rd7 23. Qf3 Rc7 24. Bg5 h4 25. Rad1 Rc8 26. Bxc6 Rxc6 27.
Rd8+ Kg7 28. Bf6+ 1-0

[Event "4NCL Division 3 North"]
[Site "Wakefield, ENG"]
[Date "2017.03.18"]
[Round "7.23"]
[White "Rita, Joao"]
[Black "Kolbus, Dietmar"]
[Result "0-1"]
[WhiteElo "1892"]
[BlackElo "2307"]
[PlyCount "82"]
[EventDate "2017.03.18"]
[WhiteTeam "3Cs 2"]
[BlackTeam "Manx Liberty"]

1. e4 c5 2. Nf3 e6 3. d3 Nc6 4. g3 Nf6 5. Bg2 d5 6. Nbd2 d4 7. a4 e5 8. O-O Be7
9. Nh4 g6 10. Nc4 Be6 11. b3 Nd7 12. Nf3 g5 13. Ne1 g4 14. f4 h5 15. Ne3 dxe3
16. f5 Bxb3 17. cxb3 Bg5 18. Nc2 Qb6 19. Kh1 Qxb3 20. Ra3 Qb6 21. Bxe3 Bxe3 22.
Nxe3 Nb4 23. f6 Nxf6 24. Nc4 Qe6 25. Qd2 Nd7 26. Qg5 f6 27. Qg6+ Kd8 28. Ne3
Kc7 29. Nd5+ Nxd5 30. exd5 Qd6 31. Qe4 h4 32. Qxg4 Rag8 33. Qc4 hxg3 34. h3 Qa6
35. d6+ Qxd6 36. Rb3 b6 37. Qa6 Kd8 38. Qxa7 Qe6 39. Rb2 Rxh3+ 40. Bxh3 Qxh3+
41. Kg1 g2 0-1

[Event "4NCL Division 3 North"]
[Site "Wakefield, ENG"]
[Date "2017.03.18"]
[Round "7.24"]
[White "Jaracz, Barbara"]
[Black "McLean, Robert"]
[Result "1-0"]
[WhiteElo "2238"]
[BlackElo "1967"]
[PlyCount "127"]
[EventDate "2017.03.18"]
[WhiteTeam "Manx Liberty"]
[BlackTeam "3Cs 2"]

1. e4 e6 2. d4 d5 3. Nd2 Nf6 4. e5 Nfd7 5. Bd3 c5 6. c3 Nc6 7. Ne2 cxd4 8. cxd4
f6 9. exf6 Nxf6 10. O-O Bd6 11. Nf3 O-O 12. Bf4 Bxf4 13. Nxf4 Ne4 14. Nh5 Qb6
15. b3 g6 16. Ng3 Nxg3 17. hxg3 Nxd4 18. Ne5 Nf5 19. Bxf5 Rxf5 20. Qe2 Qd6 21.
Rfe1 b6 22. Ng4 Qf8 23. Qe3 Kh8 24. Rac1 Qg7 25. Ne5 Bb7 26. g4 Rff8 27. g5
Rae8 28. Qd4 Kg8 29. Rc3 Rc8 30. Rec1 Rxc3 31. Rxc3 Rf5 32. f4 h6 33. Qa4 Rf8
34. gxh6 Qxh6 35. Rg3 Qxf4 36. Rxg6+ Kh8 37. Qxf4 Rxf4 38. Rxe6 Re4 39. Re7 Kg8
40. Rxb7 Rxe5 41. Rxa7 Re2 42. Rd7 Rxa2 43. Rxd5 Kf7 44. Rd6 Ra6 45. Kf2 Ke7
46. Rh6 Kd7 47. g4 Kc7 48. Re6 Ra5 49. Kf3 Rb5 50. Re3 Kd7 51. Kf4 Rc5 52. g5
Rc1 53. g6 Rf1+ 54. Kg5 Rg1+ 55. Kf6 Rf1+ 56. Kg7 Rg1 57. Kf7 Rf1+ 58. Kg8 Rg1
59. g7 Rh1 60. Re4 Rh2 61. Kf7 Rf2+ 62. Kg6 Rg2+ 63. Kf6 Rg3 64. Re5 1-0

[Event "4NCL Division 3 North"]
[Site "Wakefield, ENG"]
[Date "2017.03.18"]
[Round "7.25"]
[White "English, Ray"]
[Black "Fabri, Henrik"]
[Result "1-0"]
[WhiteElo "1937"]
[BlackElo "1946"]
[PlyCount "77"]
[EventDate "2017.03.18"]
[WhiteTeam "3Cs 2"]
[BlackTeam "Manx Liberty"]

1. e4 Nf6 2. e5 Nd5 3. d4 d6 4. Bc4 Nb6 5. Bb3 dxe5 6. Qh5 e6 7. dxe5 Nc6 8.
Nf3 g6 9. Qg4 h5 10. Qe4 Na5 11. Nc3 Bd7 12. Bf4 Bc6 13. Qe2 Nxb3 14. axb3 Bh6
15. Bxh6 Rxh6 16. O-O h4 17. Rfd1 Qe7 18. Nd4 Nd7 19. Nxc6 bxc6 20. Qe3 g5 21.
Ra2 Rc8 22. Ra4 Rg6 23. Rad4 Nb6 24. Ne4 Nd5 25. Qd2 Kf8 26. c4 f5 27. cxd5
fxe4 28. dxc6 Rg8 29. Qe3 Rg7 30. Qxe4 Kg8 31. Rd7 Qf8 32. Rxg7+ Qxg7 33. Rd7
Qh6 34. h3 Kh8 35. Qd3 Kg8 36. Rd8+ Rxd8 37. Qxd8+ Kf7 38. Qxc7+ Kg6 39. Qd8
1-0

[Event "4NCL Division 3 North"]
[Site "Wakefield, ENG"]
[Date "2017.03.18"]
[Round "7.26"]
[White "Costello, John"]
[Black "Manton, Jacob"]
[Result "1/2-1/2"]
[WhiteElo "1662"]
[BlackElo "1900"]
[Annotator "Barnes,Lara"]
[PlyCount "47"]
[EventDate "2017.03.18"]
[WhiteTeam "Manx Liberty"]
[BlackTeam "3Cs 2"]

1. d4 e6 2. c4 Nf6 3. Nc3 c5 4. d5 exd5 5. cxd5 d6 6. e4 g6 7. Nf3 Bg7 8. Bd3
O-O 9. h3 b5 10. O-O b4 11. Ne2 Ba6 12. Bxa6 Nxa6 13. Qd3 Qb6 14. Nd2 Rae8 15.
Nc4 Qb5 16. f3 Nd7 17. Rd1 Qb8 18. Bf4 Ne5 19. Bxe5 dxe5 20. Na5 Qb6 21. Nc4
Qf6 22. Na5 Qb6 23. Nc4 Qf6 24. Na5 1/2-1/2

[Event "4NCL Division 3 North"]
[Site "Wakefield, ENG"]
[Date "2017.03.18"]
[Round "7.31"]
[White "Hall, John"]
[Black "Delaney, Killian"]
[Result "1/2-1/2"]
[WhiteElo "2045"]
[BlackElo "2241"]
[Annotator "Barnes,Lara"]
[PlyCount "87"]
[EventDate "2017.03.18"]
[WhiteTeam "Spirit of Atticus B"]
[BlackTeam "Gonzaga"]

1. e4 c6 2. d4 d5 3. Nc3 dxe4 4. Nxe4 Nd7 5. Nf3 Ngf6 6. Ng3 g6 7. Be2 Bg7 8.
Bg5 Qb6 9. O-O Qxb2 10. c4 Qa3 11. Re1 O-O 12. Qd2 e5 13. Bf1 exd4 14. Nxd4 Nc5
15. Rad1 Ne6 16. Nxe6 fxe6 17. Bh6 Bxh6 18. Qxh6 Qxa2 19. Rd2 Qa5 20. h3 Qc7
21. Qg5 Kg7 22. Re5 b6 23. Be2 a5 24. h4 Qf7 25. h5 h6 26. Qe3 g5 27. Nf5+ Kh7
28. Nd6 Qc7 29. Nxc8 Raxc8 30. Rxe6 Rce8 31. Bd3+ Kh8 32. Bg6 Rd8 33. Qc3 Rxd2
34. Qxd2 Rd8 35. Qe2 Rd6 36. Re7 Rd1+ 37. Qxd1 Qxe7 38. Qd4 b5 39. cxb5 cxb5
40. Bd3 b4 41. Bc2 Kg8 42. Kf1 Nxh5 43. Bb3+ Kh7 44. Bc2+ 1/2-1/2

[Event "4NCL Division 3 North"]
[Site "Wakefield, ENG"]
[Date "2017.03.18"]
[Round "7.32"]
[White "Li, Henry"]
[Black "Connor, Stephen J"]
[Result "1-0"]
[WhiteElo "2201"]
[BlackElo "1993"]
[Annotator "Barnes,Lara"]
[PlyCount "159"]
[EventDate "2017.03.18"]
[WhiteTeam "Gonzaga"]
[BlackTeam "Spirit of Atticus B"]

1. e4 c5 2. Nf3 d6 3. d4 cxd4 4. Nxd4 Nf6 5. Nc3 a6 6. Bg5 e6 7. f4 Be7 8. Qf3
Qc7 9. O-O-O Nbd7 10. f5 e5 11. Nde2 b5 12. Bxf6 Nxf6 13. Nd5 Nxd5 14. exd5 Bb7
15. Ng3 Rc8 16. Bd3 Qa5 17. Kb1 f6 18. Nh5 O-O 19. g4 Rc5 20. Be4 Rc4 21. b3
Rc3 22. Rd3 Rfc8 23. Rc1 Qc7 24. Qg2 Rxd3 25. Bxd3 Qc5 26. Be4 Bd8 27. g5 fxg5
28. f6 Bxf6 29. Qh3 Qc7 30. Bxh7+ Kf8 31. Bf5 Qc3 32. Nxf6 Qxh3 33. Nd7+ Ke7
34. Bxh3 Rh8 35. Be6 Bxd5 36. Bxd5 Kxd7 37. Rf1 Rxh2 38. Rf7+ Kd8 39. Rxg7 Rd2
40. Bb7 a5 41. Kc1 Rd4 42. Rxg5 Kc7 43. Bg2 a4 44. Rg7+ Kb6 45. Rb7+ Ka6 46.
Rb8 axb3 47. axb3 b4 48. Rc8 d5 49. Rd8 e4 50. Rb8 Ka7 51. Rb5 e3 52. Bf1 Rd2
53. Rxb4 e2 54. Bxe2 Rxe2 55. Rb5 d4 56. Rd5 Re4 57. Kd2 Rh4 58. Kd3 Kb6 59.
Rxd4 Rh2 60. c3 Kc6 61. Kc4 Rh5 62. b4 Rh6 63. Rg4 Kb6 64. b5 Ka5 65. Rd4 Kb6
66. Kb4 Rh1 67. Rd6+ Kc7 68. Kc5 Rh7 69. c4 Rg7 70. b6+ Kb7 71. Kb5 Rg2 72.
Rd7+ Kc8 73. Kc6 Rg6+ 74. Rd6 Rg8 75. c5 Rh8 76. Rg6 Rf8 77. Kb5 Kb8 78. Ka6
Ka8 79. c6 Kb8 80. Rg7 1-0

[Event "4NCL Division 3 North"]
[Site "Wakefield, ENG"]
[Date "2017.03.18"]
[Round "7.33"]
[White "McDonagh, Michael"]
[Black "Gelip, Ioana"]
[Result "0-1"]
[WhiteElo "1904"]
[BlackElo "2191"]
[PlyCount "130"]
[EventDate "2017.03.18"]
[WhiteTeam "Spirit of Atticus B"]
[BlackTeam "Gonzaga"]

1. c4 e5 2. Nc3 Nc6 3. Nf3 d6 4. d4 exd4 5. Nxd4 Nxd4 6. Qxd4 Qf6 7. Qd3 Bd7 8.
Nd5 Qd8 9. g3 Ne7 10. Bg5 h6 11. Bf6 c6 12. Bxe7 Bxe7 13. Nxe7 Qa5+ 14. Qd2
Qxd2+ 15. Kxd2 Kxe7 16. Bg2 Be6 17. Rac1 Rhd8 18. e4 a5 19. Rhe1 Ra6 20. Re3
Rb6 21. Rb3 Rxb3 22. axb3 Ra8 23. Ra1 Kd7 24. f4 f6 25. b4 Bxc4 26. Bh3+ Kc7
27. bxa5 Re8 28. Kc3 Bf7 29. Bg2 Bg6 30. Re1 Bf7 31. b4 Bd5 32. Kd4 f5 33. Re3
fxe4 34. Bxe4 Bxe4 35. Rxe4 c5+ 36. bxc5 dxc5+ 37. Kd5 Rxe4 38. Kxe4 Kc6 39. g4
Kb5 40. g5 hxg5 41. fxg5 Kb4 42. h4 c4 43. h5 c3 44. Kd3 Kb3 45. h6 gxh6 46.
gxh6 c2 47. h7 c1=Q 48. h8=Q Qd1+ 49. Ke3 Qe1+ 50. Kd3 Qxa5 51. Qg8+ Ka3 52.
Qc8 Qd5+ 53. Kc3 Qb3+ 54. Kd2 b5 55. Qa6+ Qa4 56. Qf6 Qb4+ 57. Kc2 Qc4+ 58. Kb1
Qe4+ 59. Kc1 Qe1+ 60. Kc2 Qe2+ 61. Kc1 Kb3 62. Qf7+ Qc4+ 63. Qxc4+ bxc4 64. Kb1
c3 65. Ka1 Kc2 0-1

[Event "4NCL Division 3 North"]
[Site "Wakefield, ENG"]
[Date "2017.03.18"]
[Round "7.34"]
[White "Moran, Stephen"]
[Black "Robertson, David J"]
[Result "1-0"]
[WhiteElo "2115"]
[BlackElo "1935"]
[PlyCount "133"]
[EventDate "2017.03.18"]
[WhiteTeam "Gonzaga"]
[BlackTeam "Spirit of Atticus B"]

1. d4 Nf6 2. c4 e6 3. Nc3 c5 4. d5 exd5 5. cxd5 d6 6. e4 g6 7. Nge2 Bg7 8. Ng3
O-O 9. Be2 a6 10. a4 Re8 11. O-O Nbd7 12. f3 Qa5 13. Bd2 c4 14. Nh1 Qb6+ 15.
Nf2 Qxb2 16. Rb1 Qa3 17. Bxc4 Qc5 18. Be2 Nh5 19. Rc1 Qd4 20. g4 Nhf6 21. Bf4
Qb6 22. Qd2 Nc5 23. Rb1 Qd8 24. Nd3 Nxd3 25. Bxd3 Qe7 26. a5 Nd7 27. Na4 Ne5
28. Nb6 Rb8 29. Rbc1 h5 30. g5 Bh3 31. Rf2 Nd7 32. Bf1 Bxf1 33. Rfxf1 Nxb6 34.
axb6 Rbc8 35. Qg2 Bd4+ 36. Kh1 Bxb6 37. Qb2 Bc5 38. Bd2 Kh7 39. Rb1 b5 40. h4
Qe5 41. Qxe5 Rxe5 42. Ra1 Ra8 43. Ra2 Re7 44. Rb1 Rb7 45. Kg2 b4 46. Kf1 b3 47.
Ra4 Kg8 48. Ke2 Kf8 49. Be1 Ke7 50. Kd3 Rb6 51. Ba5 Rb5 52. Be1 Bb6 53. Ra3 b2
54. Bc3 Bf2 55. Rxb2 Rxb2 56. Bxb2 Bxh4 57. Bf6+ Kd7 58. Rb3 Bg3 59. Ke3 Be5
60. Rb7+ Ke8 61. f4 Bxf6 62. gxf6 a5 63. e5 dxe5 64. fxe5 a4 65. e6 fxe6 66.
dxe6 a3 67. Rh7 1-0

[Event "4NCL Division 3 North"]
[Site "Wakefield, ENG"]
[Date "2017.03.18"]
[Round "7.35"]
[White "Mort, Andrew J"]
[Black "Freeman, Gordon"]
[Result "0-1"]
[WhiteElo "1874"]
[BlackElo "2096"]
[PlyCount "92"]
[EventDate "2017.03.18"]
[WhiteTeam "Spirit of Atticus B"]
[BlackTeam "Gonzaga"]

1. c4 c6 2. g3 d5 3. Bg2 Nf6 4. Nf3 Bg4 5. cxd5 Bxf3 6. Bxf3 cxd5 7. Qb3 Qd7 8.
Nc3 e6 9. O-O Nc6 10. Bg2 Be7 11. d3 O-O 12. Bg5 h6 13. Bxf6 Bxf6 14. Rfe1 Rac8
15. Rac1 Rfd8 16. e4 Bxc3 17. bxc3 d4 18. c4 e5 19. Rb1 b6 20. h4 Na5 21. Qd1
Nb7 22. Kh2 Qe7 23. Qh5 Rc5 24. g4 Qf6 25. Kg1 Rd6 26. Rb2 Qf4 27. Qf5 g5 28.
Qxf4 gxf4 29. Kh2 Ra5 30. Rd2 Ra3 31. Bf3 Rc6 32. Bd1 Nc5 33. Be2 f3 34. Bxf3
Nxd3 35. Rg1 Nf4 36. Rg3 Rxc4 37. Bd1 Rxg3 38. fxg3 Ne6 39. Bb3 Rc3 40. Rf2 d3
41. Kg2 b5 42. Kf1 Rc1+ 43. Kg2 a5 44. Rd2 a4 45. Bd1 Nc5 46. Kf3 Rc4 0-1

[Event "4NCL Division 3 North"]
[Site "Wakefield, ENG"]
[Date "2017.03.18"]
[Round "7.36"]
[White "Miller, Jacob"]
[Black "Cooper, John G"]
[Result "0-1"]
[WhiteElo "1936"]
[BlackElo "1943"]
[Annotator "Barnes,Lara"]
[PlyCount "110"]
[EventDate "2017.03.18"]
[WhiteTeam "Gonzaga"]
[BlackTeam "Spirit of Atticus B"]

1. e4 c5 2. Nc3 Nc6 3. Bb5 g6 4. f4 Bg7 5. Nf3 Nd4 6. O-O e6 7. d3 a6 8. Bc4 b5
9. Bb3 Nxb3 10. axb3 Bb7 11. f5 Ne7 12. fxe6 dxe6 13. Qe1 O-O 14. Qh4 f6 15.
Be3 Qc7 16. Qf2 Rac8 17. Rad1 e5 18. Ne2 Qd6 {(=)} 19. Qh4 Qe6 20. g4 Rc7 21.
Rf2 Bc8 22. Rg2 Rf7 23. Qg3 Bb7 24. h4 Rf8 25. h5 g5 26. h6 Bxh6 27. Qh3 Bg7
28. Ng3 Bc8 29. Nh2 Ng6 30. Nf5 Nf4 31. Bxf4 exf4 32. Nf3 Qf7 33. e5 h6 34.
Nxh6+ Bxh6 35. Qxh6 Qg7 36. Qxg7+ Kxg7 37. Re1 Bb7 38. Kf2 Re7 39. exf6+ Kxf6
40. Rh2 Rxe1 41. Nxe1 Kg6 42. Nf3 Re8 43. Rh5 Bxf3 44. Kxf3 Re3+ 45. Kf2 Rg3
46. Rh8 Rxg4 47. Ra8 Rh4 48. Rxa6+ Kf5 49. Kg2 g4 50. Rc6 f3+ 51. Kg1 g3 52.
Rc8 g2 53. Kf2 Rh1 54. Rf8+ Ke6 55. Rg8 Rf1+ 0-1

[Event "4NCL Division 3 North"]
[Site "Wakefield, ENG"]
[Date "2017.03.18"]
[Round "7.41"]
[White "Carpenter, Martin"]
[Black "Whitfield, Craig M"]
[Result "1/2-1/2"]
[WhiteElo "2106"]
[BlackElo "2095"]
[PlyCount "88"]
[EventDate "2017.03.18"]
[WhiteTeam "Jorvik"]
[BlackTeam "Cheddleton 2"]

1. e4 c5 2. Nf3 e6 3. d4 cxd4 4. Nxd4 Nc6 5. Be2 Qc7 6. O-O Nf6 7. Nc3 a6 8.
Be3 Bb4 9. Nxc6 bxc6 10. Qd4 c5 11. Qc4 Bb7 12. a3 Bxc3 13. Qxc3 Bxe4 14. f3
Bb7 15. Qxc5 Rc8 16. Qxc7 Rxc7 17. c4 d5 18. Rfc1 O-O 19. cxd5 Rxc1+ 20. Rxc1
Nxd5 21. Bc5 Rd8 22. g3 g5 23. b4 f5 24. Rd1 Kf7 25. Kf2 Kf6 26. a4 Rc8 27. a5
f4 28. Bd3 h5 29. Re1 e5 30. Be4 Rd8 31. Rd1 fxg3+ 32. hxg3 Ke6 33. Rh1 Rh8 34.
Bg6 Nf6 35. Rd1 Bd5 36. Bd3 Ra8 37. Re1 Bb7 38. Bc4+ Bd5 39. Bd3 Bb7 40. Bb6
Nd7 41. Be3 Rf8 42. f4 Kd6 43. Bc5+ Nxc5 44. bxc5+ Kxc5 1/2-1/2

[Event "4NCL Division 3 North"]
[Site "Wakefield, ENG"]
[Date "2017.03.18"]
[Round "7.42"]
[White "Richardson, Alex"]
[Black "White, Mark W"]
[Result "1/2-1/2"]
[WhiteElo "2152"]
[BlackElo "2031"]
[Annotator "Barnes,Lara"]
[PlyCount "94"]
[EventDate "2017.03.18"]
[WhiteTeam "Cheddleton 2"]
[BlackTeam "Jorvik"]

1. d4 Nf6 2. Nf3 g6 3. g3 Bg7 4. Bg2 O-O 5. O-O d5 6. c3 Nc6 7. Bf4 Bf5 8. h3
Qc8 9. g4 Bxb1 10. Qxb1 h5 11. g5 Ne4 12. Rd1 e6 13. a4 Ne7 14. Ne5 Nd6 15. b3
Ndf5 16. e4 dxe4 17. Qxe4 Nd5 18. Bd2 c6 19. c4 Nde7 20. a5 a6 21. Bb4 Qc7 22.
Bc5 Nd6 23. Qe1 Nef5 24. Rac1 Qd8 25. Qd2 Re8 26. b4 Nh4 27. Bh1 Ndf5 28. Qf4
f6 29. gxf6 Bxf6 30. Nf3 g5 31. Qe4 Qc7 32. Nxh4 Nxh4 33. Bf3 Qf7 34. Be2 Kg7
35. Rd3 Qg6 36. Qxg6+ Kxg6 37. Re1 Rad8 38. Red1 Kh6 39. b5 cxb5 40. cxb5 axb5
41. Rb3 Nf5 42. Rb4 Rd5 43. Bf3 Rd7 44. Rxb5 Bxd4 45. Rdb1 Bxc5 46. Rxc5 Ree7
47. Rb6 Nd4 1/2-1/2

[Event "4NCL Division 3 North"]
[Site "Wakefield, ENG"]
[Date "2017.03.18"]
[Round "7.43"]
[White "Cowan, Richard M"]
[Black "Edwards, Simon R"]
[Result "1-0"]
[WhiteElo "1884"]
[BlackElo "2087"]
[PlyCount "55"]
[EventDate "2017.03.18"]
[WhiteTeam "Jorvik"]
[BlackTeam "Cheddleton 2"]

1. e4 c5 2. Nc3 Nc6 3. d3 g6 4. g3 Bg7 5. Bg2 d6 6. Be3 Rb8 7. Qd2 b5 8. Nge2
e6 9. O-O Nd4 10. Rae1 Qa5 11. Nc1 b4 12. Nd1 Ne7 13. c3 bxc3 14. bxc3 Nb5 15.
Nb3 Qa3 16. Re2 Ba6 17. Qc2 O-O 18. Bc1 Qa4 19. c4 Nc7 20. Nc3 Qd7 21. e5 Bxe5
22. Rxe5 dxe5 23. Nxc5 Qd8 24. Bh6 Nf5 25. Bxf8 Kxf8 26. Qa4 Bc8 27. Qxa7 Rb2
28. Qa3 1-0

[Event "4NCL Division 3 North"]
[Site "Wakefield, ENG"]
[Date "2017.03.18"]
[Round "7.44"]
[White "Boswell, Jacob Connor"]
[Black "Hodge, Steve R"]
[Result "1-0"]
[WhiteElo "1952"]
[BlackElo "1878"]
[PlyCount "133"]
[EventDate "2017.03.18"]
[WhiteTeam "Cheddleton 2"]
[BlackTeam "Jorvik"]

1. e4 c5 2. Nf3 Nc6 3. d4 cxd4 4. Nxd4 Nf6 5. Nc3 e5 6. Ndb5 d6 7. Bg5 a6 8.
Na3 b5 9. Bxf6 gxf6 10. Nd5 Bg7 11. Bd3 Ne7 12. Nxe7 Qxe7 13. Qf3 d5 14. O-O f5
15. Qg3 O-O 16. f3 Kh8 17. Kh1 Rg8 18. Qf2 Bb7 19. Rae1 dxe4 20. fxe4 f4 21.
Nb1 Bf6 22. Rd1 Bh4 23. Qe2 Bc8 24. Nd2 Bg4 25. Nf3 Qe6 26. a4 Qh6 27. Nxe5
Bxe2 28. Nxf7+ Kg7 29. Nxh6 Bxf1 30. Nf5+ Kf6 31. Rxf1 Bg5 32. h4 bxa4 33.
hxg5+ Kxg5 34. Ra1 Rab8 35. Rxa4 Rxb2 36. Rxa6 Rgb8 37. e5 Rb1+ 38. Kh2 Rd1 39.
Nd6 f3 40. Ne4+ Kf4 41. Rf6+ Kxe5 42. Rxf3 Rg8 43. Nf6 Rg7 44. Nxh7 Rxd3 45.
Rxd3 Rxh7+ 46. Kg3 Rg7+ 47. Kf2 Rf7+ 48. Rf3 Rd7 49. Ke2 Rc7 50. c3 Ra7 51. Rd3
Kf5 52. g3 Ra8 53. c4 Rc8 54. Rc3 Rc5 55. Ke3 Ke5 56. g4 Rc8 57. c5 Rc6 58. Rc1
Ke6 59. Ke4 Kd7 60. Kf5 Ke7 61. g5 Kf7 62. Rc2 Kg7 63. Ke5 Kg6 64. Kd5 Rc8 65.
c6 Kxg5 66. c7 Kf6 67. Kd6 1-0

[Event "4NCL Division 3 North"]
[Site "Wakefield, ENG"]
[Date "2017.03.18"]
[Round "7.45"]
[White "Nezis, Anastasios"]
[Black "Davison, Colin F S"]
[Result "1/2-1/2"]
[WhiteElo "1927"]
[BlackElo "1934"]
[PlyCount "45"]
[EventDate "2017.03.18"]
[WhiteTeam "Jorvik"]
[BlackTeam "Cheddleton 2"]

1. e4 e6 2. d3 b6 3. g3 Bb7 4. Bg2 d5 5. Nd2 Nf6 6. e5 Nfd7 7. Ngf3 c5 8. O-O
Qc7 9. Re1 Nc6 10. Qe2 Be7 11. c3 g5 12. g4 O-O-O 13. Nf1 Rdg8 14. Ng3 Rg6 15.
Nh5 Nd8 16. d4 Rf8 17. dxc5 bxc5 18. b4 h6 19. bxc5 Bxc5 20. Be3 Bxe3 21. Qxe3
Qc5 22. Nd4 Nb6 23. Rab1 1/2-1/2